Normal view
MARC view
Entry Personal Name
001 - CONTROL NUMBER
- control field: 3593
003 - CONTROL NUMBER IDENTIFIER
- control field: SLTCLib
005 - DATE AND TIME OF LATEST TRANSACTION
- control field: 20260612163250.0
008 - FIXED-LENGTH DATA ELEMENTS
- fixed length control field: 260612|| aca||aabn | a|a d
040 ## - CATALOGING SOURCE
- Original cataloging agency: SLTCLib
- Transcribing agency: SLTCLib
100 ## - HEADING--PERSONAL NAME
- Personal name: Valme, Samuel
670 ## - SOURCE DATA FOUND
- Source citation: Work cat.: (SLTCLib): Valme, Samuel, Mastering the Art of Management, 2023